| 000 | 00487nam a2200181Ia 4500 | ||
|---|---|---|---|
| 001 | 3751 | ||
| 005 | 20260306145706.0 | ||
| 008 | 260306t2015||||xx |||||||||||||| ||spa|| | ||
| 041 | _aESP | ||
| 082 |
_a302.2345 _bR24 |
||
| 100 |
_aRamos Suyo, Juan Abraham _eAUT |
||
| 245 | 0 | _aMétodos, técnicas y procedimientos de investigación en la educación universitaria | |
| 260 | _c2015 | ||
| 300 |
_a360 páginas : _c24 cm. |
||
| 650 | _aGEN | ||
| 654 | _aCED | ||
| 942 |
_cLIB _dJUS _fJUS _2ddc _n |
||
| 999 |
_c3751 _d3751 |
||